लौटती खुशियाँ / (Record no. 116620)

MARC details
000 -LEADER
fixed length control field 00980nam a22002537a 4500
005 - DATE AND TIME OF LATEST TRANSACTION
control field 20170124103042.0
010 ## - LIBRARY OF CONGRESS CONTROL NUMBER
LC control number B-154564
020 ## - INTERNATIONAL STANDARD BOOK NUMBER
Terms of availability 100.00
035 ## - SYSTEM CONTROL NUMBER
System control number B-154564
037 ## - SOURCE OF ACQUISITION
Source of stock number/acquisition Cen Lib/Ret
040 ## - CATALOGING SOURCE
Original cataloging agency DPL
Language of cataloging HN
082 ## - DEWEY DECIMAL CLASSIFICATION NUMBER
Classification number
Item number अग्रवा
100 ## - MAIN ENTRY--PERSONAL NAME
Personal name अग्रवाल, सरला
9 (RLIN) 67433
245 ## - TITLE STATEMENT
Title लौटती खुशियाँ /
Statement of responsibility, etc सरला अग्रवाल
246 ## - VARYING FORM OF TITLE
Title proper/short title Lautati khushiyan /
Remainder of title by Sarala Aggarwal
260 ## - PUBLICATION, DISTRIBUTION, ETC. (IMPRINT)
Place of publication, distribution, etc दिल्ली
Name of publisher, distributor, etc ड्रीम बुक सर्विस
Date of publication, distribution, etc 2005
270 ## - ADDRESS
City दिल्ली
Address 13, प्रथम तल , शंकर विहार
Postal code 110092
300 ## - PHYSICAL DESCRIPTION
Extent 112पृ. :
Dimensions 21सेमी (सजिल्द)
Other physical details सचित्र
650 ## - SUBJECT ADDED ENTRY--TOPICAL TERM
Topical term or geographic name as entry element हिन्दी साहित्य
9 (RLIN) 67434
650 ## - SUBJECT ADDED ENTRY--TOPICAL TERM
Topical term or geographic name as entry element कहानियां
9 (RLIN) 67435
650 ## - SUBJECT ADDED ENTRY--TOPICAL TERM
Topical term or geographic name as entry element Hindi literature
9 (RLIN) 67436
650 ## - SUBJECT ADDED ENTRY--TOPICAL TERM
Topical term or geographic name as entry element Stories
9 (RLIN) 7500
942 ## - ADDED ENTRY ELEMENTS (KOHA)
Source of classification or shelving scheme Dewey Decimal Classification
Koha item type Hindi Books
Classification part
Call number suffix अग्रवा
Holdings
Withdrawn status Lost status Damaged status Not for loan Home library Current library Date acquired Source of acquisition Cost, normal purchase price Total Checkouts Full call number Barcode Date last seen Date checked out Copy number Cost, replacement price Price effective from Koha item type
        Central Library Central Library 25/08/2015 Cen Lib/Ret 100.00 1 क अग्रवा B-154564 16/04/2018 02/04/2018 1 100.00 25/08/2015 Hindi Books

© Delhi Public Library
Hit Counter
free hit counter